La mirada estética de Jesús Reyes Ferreira /

Este libro es el catálogo de la exposición que con el mismo título se presentó en el Museo de Arte Moderno de la Ciudad de México, del 14 de agosto al 10 de noviembre de 2002 y, de noviembre a diciembre del mismo año, en el Instituto Cultural Cabañas en Guadalajara; se trata de una muestra que explo...

Descrizione completa

Salvato in:
Dettagli Bibliografici
Autore principale: Reyes Ferreira, Chucho (autor)
Enti autori: Museo de Arte Moderno (México), Instituto Cultural Cabañas
Altri autori: Reyes Irigoyen, Margarita (texto) (texto), Bermúdez, Sari (presentación) (presentación), Juárez, Saúl (presentación) (presentación), Lozano, Luis-Martín (presentación) (presentación)
Natura: Libro
Lingua:spagnolo
Pubblicazione: México : Guadalajara, México : Instituto Nacional de Bellas Artes : Museo de Arte Moderno ; Gobierno del Estado de Jalisco, Secretaría de Cultura, 2002, c2002
Soggetti:
Tags: Aggiungi Tag
Nessun Tag, puoi essere il primo ad aggiungerne!!

MARC

LEADER 00000nam^a2200000^a^4500
001 000154360
005 20250521000000.0
009 20260310100351.133
020 |a 970-18-8134-6 
037 |a Acervo ITESO - Biblioteca 
041 |a ESP 
082 |a 759. 97206  |b REY MIR 
100 |a Reyes Ferreira, Chucho  |e (autor) 
245 0 3 |a La mirada estética de Jesús Reyes Ferreira /  |c Museo de Arte Moderno, Instituto Cultural Cabañas ; texto de M. Reyes Irigoyen... [et al.] ; presen. de S. Bermúdez, S. Juárez, L.M. Lozano. 
264 4 |a México :  |b Instituto Nacional de Bellas Artes :  |b Museo de Arte Moderno ;  |a Guadalajara, México :  |b Gobierno del Estado de Jalisco, Secretaría de Cultura,  |c 2002, c2002 
300 |a 159 p. 
336 |a texto  |b txt  |2 rdacontenido 
337 |a sin mediación  |b n  |2 rdamedio 
338 |a volumen  |b nc  |2 rdasoporte 
520 |a Este libro es el catálogo de la exposición que con el mismo título se presentó en el Museo de Arte Moderno de la Ciudad de México, del 14 de agosto al 10 de noviembre de 2002 y, de noviembre a diciembre del mismo año, en el Instituto Cultural Cabañas en Guadalajara; se trata de una muestra que explora la faceta de Reyes Ferreira como coleccionista. 
545 0 |a Chucho Reyes Ferreira (Guadalajara, 1880 - Ciudad de México, 1977) es reconocido sí como pintor, pero también como coleccionista de arte y como uno de los precursores en valorar el arte popular. Colaboró con Barragán en el diseño de Jardines del Pedregal y brindó numerosas asesorías para la remodelación y decoración de diversas casas habitación. También realizó escenografías para teatro. 
649 |a XX 
650 |a Coleccionistas Jaliscienses 
650 |a Coleccionistas Mexicanos 
650 |a Pintores Jaliscienses 
650 |a Pintores Mexicanos 
650 |a Artistas Jaliscienses 
650 |a Artistas Mexicanos 
650 |a Coleccionismo -  |z México -  |x Tema Principal 
650 |a Arte -  |z Guadalajara, Jalisco -  |x Exposiciones 
650 |a Arte -  |z Jalisco -  |x Exposiciones 
650 |a Arte -  |z México -  |x Exposiciones 
650 |a Arte Popular -  |z México -  |x Colecciones 
650 |a Arte Popular -  |x Colecciones 
650 |a Arte -  |z México -  |x Colecciones 
650 |a Arte -  |x Colecciones 
650 |a Reyes Ferreira, Chucho -  |x Tema Principal 
710 |a Museo de Arte Moderno (México) 
710 |a Instituto Cultural Cabañas 
700 |a Reyes Irigoyen, Margarita  |e (texto) 
700 |a Bermúdez, Sari  |e (presentación) 
700 |a Juárez, Saúl  |e (presentación) 
700 |a Lozano, Luis-Martín  |e (presentación) 
910 |a Fondo General 
920 |a Impresos - Libros 
930 |a Reserva Especial 
905 |a 103 
901 |a 0500086407  |b IT1  |c REE  |u 20250521 
902 |a https://opac.biblio.iteso.mx/vufind/Record/000154360